The student's pocket dictionary : or, compendium of universal history, chronology, and biography, from the earliest accounts to the present time; ... In two parts. Part I. Containing a compendium of universal history. Part II. Containing a compendium of biography. By Thomas Mortimer, Esq.

Bibliographic Details
Main Author: Mortimer, Thomas, 1730-1810
Format: eBook
Language:English
Edition:The second edition, with considerable emendations and additions.
Series:Eighteenth century collections online.
Online Access:Full text online

MARC

Tag First Indicator Second Indicator Subfields
LEADER 00000cam a2200000 4500
001 in00001910285
006 m | d |
007 cr |n||||||||n
008 791208s1789 enk|||| s 00| ||eng d
005 20260406211635.1
035 |a (CStRLIN)ESTCT87412 
040 |a Uk-ES  |c Uk-ES  |d CStRLIN  |d Thomson Gale  |d UtOrBLW 
100 1 |a Mortimer, Thomas,  |d 1730-1810. 
245 1 4 |a The student's pocket dictionary :  |b or, compendium of universal history, chronology, and biography, from the earliest accounts to the present time; ... In two parts. Part I. Containing a compendium of universal history. Part II. Containing a compendium of biography. By Thomas Mortimer, Esq. 
250 |a The second edition, with considerable emendations and additions. 
264 3 |a London :  |b printed for J. Johnson; and J. Murray,  |c 1789. 
300 |a 396 unnumbered pages ;  |c 12⁰. 
336 |a text  |b txt  |2 rdacontent 
337 |a computer  |b c  |2 rdamedia 
338 |a online resource  |b cr  |2 rdacarrier 
500 |a With a half title and a final advertisement leaf. 
500 |a Signatures: a⁶ b⁴ B-2I⁶ 2K². 
500 |a Reproduction of original from the British Library. 
510 4 |a English Short Title Catalog,  |c ESTCT87412. 
533 |a Electronic reproduction.  |b Farmington Hills, Mich. :  |c Thomson Gale,  |d 2003.  |n Available via the World Wide Web.  |n Access limited by licensing agreements  |7 s2003 miunns 
500 |a Electronic resource. 
830 0 |a Eighteenth century collections online. 
856 4 0 |u http://proxy.library.tamu.edu/login?url=https://galenet.galegroup.com/servlet/ECCO?c=1&stp=Author&ste=11&af=BN&ae=T087412&tiPG=1&dd=0&dc=flc&docNum=CW115797132&vrsn=1.0&srchtp=a&d4=0.33&n=10&SU=0LRK&locID=txshracd2898  |z Full text online  |t 0 
999 |a MARS 
999 f f |s 01644acb-261d-3f02-bfc4-787fc443151a  |i 00ab6ebd-85a1-3f00-ac53-2a0596cfc56d  |t 0 
952 f f |a Texas A&M University  |b College Station  |c Electronic Resources  |s www_evans  |d Available Online  |t 0  |h No information provided 
998 f f |t 0  |l Available Online